[Event "WchT Seniors 50"]
[Site "Prague"]
[Date "2020.03.09"]
[Round "4.14"]
[White "Mueller, Thomas2"]
[Black "Strnad, Josef"]
[Result "1/2-1/2"]
[WhiteElo "2020"]
[BlackElo "1860"]
[PlyCount "96"]
[EventDate "2020.03.06"]
[EventType "team-swiss"]
[EventRounds "7"]
[EventCountry "CZE"]
[SourceTitle "CBM 195 Extra"]
[Source "ChessBase"]
[SourceDate "2020.05.31"]
[SourceVersion "1"]
[SourceVersionDate "2020.05.31"]
[SourceQuality "1"]
[WhiteTeam "Germany 50 VII"]
[BlackTeam "Czech Republic 50 VI"]
[WhiteTeamCountry "GER"]
[BlackTeamCountry "CZE"]

1. d4 Nf6 2. Nf3 d5 3. c4 c6 4. Nc3 g6 5. Bf4 Bg7 6. e3 e6 7. h3 Qe7 8. Be2 Nbd7 9. Ne5 0-0 10. 0-0 Nxe5 11. Bxe5 b6 12. Qa4 Bb7 13. cxd5 exd5 14. Ba6 Bxa6 15. Qxa6 Nh5 16. Bxg7 Nxg7 17. Rac1 f5 18. Ne2 Qd7 19. Rc3 Rfc8 20. Rfc1 Rc7 21. b4 Rac8 22. Nf4 Ne6 23. Nd3 Qe7 24. Qa4 Qd6 25. a3 Kg7 26. g3 g5 27. f4 h6 28. Kf2 Kf6 29. Ne5 c5 30. bxc5 bxc5 31. dxc5 Nxc5 32. Rxc5 Rxc5 33. Rxc5 Rxc5 34. Nd7+ Ke7 35. Nxc5 Qxc5 36. fxg5 hxg5 37. h4 gxh4 38. gxh4 Kf7 39. Kf3 Qe7 40. Qf4 Qd7 41. a4 Ke6 42. a5 Qc6 43. Qd4 Qc7 44. a6 Qc1 45. Qxa7 Qf1+ 46. Kg3 Qg1+ 47. Kf3 Qf1+ 48. Kg3 Qg1+ 1/2-1/2

[Event "CZE-chT2C 1819"]
[Site "Czech Republic"]
[Date "2019.01.13"]
[Round "6.8"]
[White "Richter, Martin1"]
[Black "Strnad, Josef"]
[Result "1-0"]
[WhiteElo "1976"]
[BlackElo "1900"]
[PlyCount "53"]
[EventDate "2018.10.14"]
[EventType "team-tourn"]
[EventRounds "11"]
[EventCountry "CZE"]
[SourceTitle "EXT 2022"]
[Source "ChessBase"]
[SourceDate "2021.10.06"]
[SourceVersion "1"]
[SourceVersionDate "2021.10.06"]
[SourceQuality "1"]
[WhiteTeam "Bakov nad Jizerou"]
[BlackTeam "Praha Mahrla"]
[WhiteTeamCountry "CZE"]
[BlackTeamCountry "CZE"]

1. e4 e6 2. d4 d5 3. Nc3 Nf6 4. Bg5 Be7 5. e5 Nfd7 6. h4 c5 7. Nb5 0-0 8. Bxe7 Qxe7 9. Nc7 Nc6 10. Nxa8 cxd4 11. Nf3 Qb4+ 12. Qd2 Qxb2 13. Rd1 Nc5 14. Bd3 f6 15. exf6 Rxf6 16. Nc7 a6 17. Ne8 Rf8 18. Nxg7 Nxd3+ 19. Qxd3 e5 20. Nh5 Bg4 21. Qd2 Rf5 22. Ng3 Rf4 23. 0-0 Qb4 24. Qxb4 Nxb4 25. Rb1 a5 26. Nxe5 Bc8 27. Nd3 1-0

[Event "CZE-chT2d 0405"]
[Site "Czech Republic"]
[Date "2005.??.??"]
[Round "5"]
[White "Strnad, Josef"]
[Black "Jelen, Jiri"]
[Result "1-0"]
[WhiteElo "2065"]
[BlackElo "1955"]
[PlyCount "63"]
[EventDate "2004.10.??"]
[EventType "team-tourn"]
[EventRounds "11"]
[EventCountry "CZE"]
[SourceTitle "EXT 2007"]
[Source "ChessBase"]
[SourceDate "2006.11.23"]
[SourceVersion "1"]
[SourceVersionDate "2006.11.23"]
[SourceQuality "1"]

1. Nf3 Nf6 2. c4 c5 3. g3 g6 4. Bg2 Bg7 5. 0-0 0-0 6. Nc3 Nc6 7. e3 d5 8. cxd5 Nxd5 9. Nxd5 Qxd5 10. Nd4 Qd6 11. Nxc6 bxc6 12. Qa4 Bd7 13. Rd1 Rab8 14. Qc2 Be6 15. d4 Rfd8 16. b3 cxd4 17. exd4 Bf5 18. Be4 Bxe4 19. Qxe4 e5 20. Bg5 f6 21. Be3 Rb4 22. Qc2 exd4 23. a3 d3 24. Qc3 Rb7 25. Ra2 Qd5 26. Qc4 Rxb3 27. Qxd5+ Rxd5 28. Bxa7 Ra5 29. Be3 Rbxa3 30. Rad2 Rd5 31. Rc1 Rd6 32. Bc5 1-0

[Event "CZE-chT2V 0203"]
[Site "Czech Republic"]
[Date "2002.??.??"]
[Round "8"]
[White "Tejkal, Lubomir"]
[Black "Strnad, Josef"]
[Result "1-0"]
[WhiteElo "2020"]
[BlackElo "2088"]
[PlyCount "151"]
[EventDate "2002.10.??"]
[EventType "team-tourn"]
[EventRounds "11"]
[EventCountry "CZE"]
[SourceTitle "EXT 2007"]
[Source "ChessBase"]
[SourceDate "2006.11.23"]
[SourceVersion "1"]
[SourceVersionDate "2006.11.23"]
[SourceQuality "1"]
[WhiteTeam "Vrchlabi"]
[BlackTeam "Havlickuv Brod"]
[WhiteTeamCountry "CZE"]
[BlackTeamCountry "CZE"]

1. d4 Nf6 2. Nf3 d5 3. c4 e6 4. g3 Bb4+ 5. Bd2 Bxd2+ 6. Qxd2 0-0 7. Bg2 Nbd7 8. 0-0 dxc4 9. Na3 Rb8 10. Nxc4 Ne4 11. Qf4 Ndf6 12. Rac1 Bd7 13. Nfe5 Nd6 14. Rc2 Nxc4 15. Nxc4 Nd5 16. Qd2 Qe7 17. Ne5 Rfc8 18. Rfc1 Be8 19. b3 f6 20. Nd3 Qd6 21. e4 Ne7 22. Nc5 Rd8 23. e5 fxe5 24. Nxb7 Rxb7 25. Bxb7 c6 26. Ba6 exd4 27. Bc4 Kf8 28. Re1 e5 29. Qg5 Ng6 30. Bd3 Qf6 31. Qf5 Bd7 32. Qe4 Re8 33. Qg2 Ne7 34. Be4 g6 35. Rc5 Qd6 36. b4 Kg7 37. Qf1 Nd5 38. Qc4 Ne7 39. a3 Be6 40. Qa6 Bd7 41. Bd3 Nd5 42. Be4 Nf6 43. Qd3 Re7 44. Qc2 Nd5 45. Rd1 Rf7 46. Rd2 Qf6 47. Qd1 h5 48. f3 Bh3 49. Qe1 Bd7 50. b5 Nc3 51. bxc6 Bc8 52. c7 Qe7 53. Rc6 Rf6 54. Rxf6 Kxf6 55. Rb2 Qxc7 56. h4 Ba6 57. Qd2 Kg7 58. Rc2 Qe7 59. a4 Qf6 60. Qg5 Qf7 61. Qxe5+ Qf6 62. Qxf6+ Kxf6 63. Kf2 Nxe4+ 64. fxe4 Bb7 65. Kf3 d3 66. Rc5 d2 67. Ke2 d1Q+ 68. Kxd1 Bxe4 69. Kd2 a6 70. Ke3 Bb7 71. Kf4 Bg2 72. a5 Bb7 73. Rc2 Bd5 74. Rb2 Bc4 75. Rb6+ Kg7 76. Kg5 1-0

[Event "Schneider Bohemia op"]
[Site "Plzen"]
[Date "2001.08.18"]
[Round "1"]
[White "Jirka, Jiri"]
[Black "Strnad, Josef"]
[Result "1/2-1/2"]
[WhiteElo "2292"]
[BlackElo "2045"]
[PlyCount "106"]
[EventDate "2001.08.18"]
[EventType "swiss"]
[EventRounds "9"]
[EventCountry "CZE"]
[SourceTitle "EXT 2002"]
[Source "ChessBase"]
[SourceDate "2001.11.25"]
[SourceVersion "1"]
[SourceVersionDate "2001.11.25"]
[SourceQuality "1"]

1. d4 Nf6 2. c4 g6 3. g3 d5 4. cxd5 Nxd5 5. Bg2 Bg7 6. e4 Nb6 7. Ne2 0-0 8. 0-0 e6 9. Nbc3 Nc6 10. e5 h6 11. Ne4 Nd5 12. N2c3 Nce7 13. Qf3 f5 14. exf6 Nxf6 15. Nxf6+ Rxf6 16. Qe4 c6 17. Bf4 Rxf4 18. Qxf4 Qxd4 19. Qf3 Nd5 20. Rad1 Qb4 21. Qd3 Qxb2 22. Nxd5 exd5 23. Qxg6 Qf6 24. Qh5 Bf5 25. Rfe1 Bg6 26. Qg4 Rf8 27. f4 Qf5 28. Qxf5 Bxf5 29. Re7 Rf7 30. Rxf7 Kxf7 31. Bf3 Ke6 32. h4 d4 33. g4 Bc2 34. Rd2 d3 35. Be4 Bd4+ 36. Kf1 Be3 37. Rg2 Bxf4 38. g5 hxg5 39. hxg5 Ke5 40. g6 Bh6 41. g7 Bxg7 42. Rxg7 Kxe4 43. Ke1 b5 44. Rxa7 Kd4 45. Kd2 c5 46. a3 Bb3 47. Rb7 Kc4 48. Rd7 Bc2 49. Rb7 b4 50. axb4 cxb4 51. Ra7 Kb3 52. Kc1 Kc3 53. Rc7+ Kb3 1/2-1/2

[Event "CZE-chTV 0001"]
[Site "Czech Republic"]
[Date "2001.??.??"]
[Round "6"]
[White "Strnad, Josef"]
[Black "Zahorbensky, Jaroslav"]
[Result "1/2-1/2"]
[WhiteElo "1920"]
[BlackElo "2130"]
[PlyCount "120"]
[EventDate "2000.??.??"]
[EventType "team-tourn"]
[EventRounds "11"]
[EventCountry "CZE"]
[SourceTitle "EXT 2003"]
[Source "ChessBase"]
[SourceDate "2002.11.25"]
[SourceVersion "1"]
[SourceVersionDate "2002.11.25"]
[SourceQuality "1"]

1. Nf3 d5 2. d4 c6 3. g3 Nf6 4. Bg2 Bf5 5. 0-0 Nbd7 6. b3 e6 7. Bb2 h6 8. c4 Be7 9. Nc3 0-0 10. Re1 Ne4 11. Nxe4 Bxe4 12. Nd2 Bxg2 13. Kxg2 f5 14. e3 Bb4 15. a3 Bxd2 16. Qxd2 Nf6 17. f3 Qe8 18. Bc3 Rd8 19. Bb4 Rf7 20. Qc2 g6 21. a4 Kh8 22. Bd2 Qg8 23. h4 Qf8 24. c5 Rh7 25. Rh1 Rdd7 26. Rh2 g5 27. hxg5 hxg5 28. Rah1 g4 29. Be1 gxf3+ 30. Kxf3 Qg8 31. Rh4 Rxh4 32. Rxh4+ Rh7 33. Qg2 Qg5 34. Rxh7+ Kxh7 35. Qh3+ Kg6 36. Qh4 Nd7 37. g4 e5 38. Qxg5+ Kxg5 39. gxf5 Kxf5 40. Bh4 Nf8 41. Bg3 exd4 42. exd4 Ne6 43. Ke3 Kg4 44. Be5 Ng5 45. Bb8 a6 46. Bc7 Ne4 47. Ba5 Ng3 48. Bc7 Nf5+ 49. Kd3 Kf3 50. Bd8 Ng3 51. Bc7 Ne2 52. Be5 Nf4+ 53. Kd2 Ke4 54. Bf6 Ne6 55. Kc3 Ke3 56. b4 Nf4 57. b5 axb5 58. axb5 Ne2+ 59. Kb4 Nxd4 60. bxc6 Nxc6+ 1/2-1/2

[Event "Schneider Bohemia op-A"]
[Site "Plzen"]
[Date "2000.??.??"]
[Round "?"]
[White "Decka, Eliska"]
[Black "Strnad, Josef"]
[Result "0-1"]
[WhiteElo "2065"]
[BlackElo "1920"]
[PlyCount "88"]
[EventDate "2000.??.??"]
[EventType "swiss"]
[EventRounds "9"]
[EventCountry "CZE"]
[SourceTitle "EXT 2003"]
[Source "ChessBase"]
[SourceDate "2002.11.25"]
[SourceVersion "1"]
[SourceVersionDate "2002.11.25"]
[SourceQuality "1"]

1. e4 e6 2. d4 d5 3. e5 c5 4. c3 Nc6 5. Nf3 Qb6 6. a3 c4 7. Be2 Bd7 8. Nbd2 Na5 9. 0-0 Ne7 10. Re1 Ng6 11. Nf1 Nb3 12. Rb1 Nxc1 13. Qxc1 Be7 14. Ne3 0-0 15. g3 Rac8 16. h4 f5 17. exf6 Bxf6 18. h5 Ne7 19. g4 h6 20. Ng2 Qd6 21. Qe3 Nc6 22. Bd1 b6 23. Bc2 Rce8 24. Ne5 Bxe5 25. dxe5 Qc5 26. Qg3 d4 27. Bg6 Re7 28. b4 cxb3 29. Rxb3 Qc4 30. cxd4 Nxd4 31. Rc3 Ne2+ 32. Rxe2 Qxe2 33. Bd3 Qd1+ 34. Kh2 Ref7 35. f4 Bc8 36. Be4 Ba6 37. Bd3 Bxd3 38. Rxd3 Qe2 39. Re3 Qa2 40. g5 Rf5 41. Kh3 hxg5 42. fxg5 Qf2 43. Nh4 Qxg3+ 44. Rxg3 Rf1 0-1

[Event "CZE-chTV 0001"]
[Site "Czech Republic"]
[Date "2000.??.??"]
[Round "5"]
[White "Strnad, Josef"]
[Black "Killar, Marek"]
[Result "1-0"]
[WhiteElo "1920"]
[BlackElo "2035"]
[PlyCount "93"]
[EventDate "2000.??.??"]
[EventType "team-tourn"]
[EventRounds "11"]
[EventCountry "CZE"]
[SourceTitle "EXT 2002"]
[Source "ChessBase"]
[SourceDate "2001.11.25"]
[SourceVersion "1"]
[SourceVersionDate "2001.11.25"]
[SourceQuality "1"]

1. Nf3 Nf6 2. g3 g6 3. Bg2 Bg7 4. 0-0 0-0 5. d4 d6 6. c4 Nc6 7. Nc3 Na5 8. b3 c5 9. e3 a6 10. Bb2 Qc7 11. Rc1 Bd7 12. Qd2 b5 13. Nd5 Nxd5 14. cxd5 Qb6 15. dxc5 dxc5 16. Bxg7 Kxg7 17. Qc3+ f6 18. Qxc5 Qxc5 19. Rxc5 Rac8 20. Rfc1 Rxc5 21. Rxc5 Rc8 22. Rxc8 Bxc8 23. Nd4 Nb7 24. Kf1 Kf7 25. Ke2 Nc5 26. Kd2 Ke8 27. b4 Na4 28. Nb3 Nb6 29. Nc5 Kd8 30. Kd3 Kc7 31. Kd4 Kd6 32. f4 Nxd5 33. Ne4+ Ke6 34. Ng5+ fxg5 35. Bxd5+ Kf5 36. fxg5 Kxg5 37. Bf3 Kf5 38. Kc5 g5 39. a3 h5 40. Kc6 e5 41. Kc7 Be6 42. Kd6 Bf7 43. h3 Bc4 44. e4+ Kf6 45. Bxh5 Bf1 46. Bg4 Bd3 47. Bf5 1-0

[Event "CZE-chTV 0001"]
[Site "Czech Republic"]
[Date "2000.??.??"]
[Round "7"]
[White "Strnad, Josef"]
[Black "Kokes, Bohuslav"]
[Result "0-1"]
[WhiteElo "1920"]
[BlackElo "2015"]
[PlyCount "102"]
[EventDate "2000.??.??"]
[EventType "team-tourn"]
[EventRounds "11"]
[EventCountry "CZE"]
[SourceTitle "EXT 2002"]
[Source "ChessBase"]
[SourceDate "2001.11.25"]
[SourceVersion "1"]
[SourceVersionDate "2001.11.25"]
[SourceQuality "1"]

1. Nf3 d5 2. d4 Bf5 3. e3 Nf6 4. c4 e6 5. Nc3 c6 6. Be2 Nbd7 7. 0-0 h6 8. a3 a5 9. Bd2 Bd6 10. Rc1 0-0 11. cxd5 exd5 12. h3 Re8 13. Qb3 b5 14. Rfe1 Nb6 15. Nxb5 cxb5 16. Bxb5 a4 17. Qd1 Bd7 18. Bd3 Rc8 19. Qe2 Rxc1 20. Rxc1 Qb8 21. Nh4 Rc8 22. Nf5 Rxc1+ 23. Bxc1 Qc8 24. Qc2 Qxc2 25. Bxc2 Bf8 26. f3 g6 27. Ng3 Bd6 28. Kf2 Bc6 29. Ne2 h5 30. Nc3 h4 31. Ke2 Nh5 32. f4 Kf8 33. Bd3 Ke7 34. Kf3 f5 35. Nb5 Nc4 36. Nxd6 Kxd6 37. Bc2 Ng3 38. b3 axb3 39. Bxb3 Ne4 40. Ke2 Bb5 41. Ke1 Kc6 42. a4 Ba6 43. Bxc4 dxc4 44. Ba3 c3 45. Kd1 Bf1 46. Be7 Kd5 47. a5 Kc4 48. a6 Kb3 49. a7 c2+ 50. Kc1 Nf2 51. Ba3 Bxg2 0-1

[Event "Schneider Bohemia op-A"]
[Site "Plzen"]
[Date "2000.??.??"]
[Round "?"]
[White "Strnad, Josef"]
[Black "Ratolistka, Josef"]
[Result "0-1"]
[WhiteElo "1920"]
[BlackElo "2150"]
[PlyCount "122"]
[EventDate "2000.??.??"]
[EventType "swiss"]
[EventRounds "9"]
[EventCountry "CZE"]
[SourceTitle "EXT 2003"]
[Source "ChessBase"]
[SourceDate "2002.11.25"]
[SourceVersion "1"]
[SourceVersionDate "2002.11.25"]
[SourceQuality "1"]

1. Nf3 Nf6 2. g3 g6 3. Bg2 Bg7 4. 0-0 0-0 5. c4 c6 6. Nc3 d5 7. cxd5 cxd5 8. d4 Ne4 9. Qb3 Nxc3 10. Qxc3 Nc6 11. e3 Bf5 12. Nh4 Be6 13. Bd2 Rc8 14. Qa3 Bf6 15. Nf3 Bf5 16. Rac1 Be4 17. b4 a6 18. Qb3 e6 19. a3 Qb6 20. Rc5 Be7 21. Rc3 Bxf3 22. Bxf3 Rc7 23. Rfc1 Rfc8 24. Qa4 Kg7 25. Be2 Na7 26. Qb3 Rxc3 27. Rxc3 Rxc3 28. Bxc3 f5 29. Kg2 Qc6 30. Bb2 b5 31. Qc3 Qxc3 32. Bxc3 Nc8 33. a4 Nd6 34. axb5 axb5 35. f3 Kf7 36. Kf2 Ke8 37. Bd3 Kd7 38. h3 Kc6 39. Bc2 Ne8 40. e4 Nc7 41. exf5 exf5 42. Ke3 Bd6 43. f4 Na6 44. g4 fxg4 45. hxg4 Bxb4 46. Bb2 Be7 47. f5 Bg5+ 48. Kf3 gxf5 49. gxf5 h5 50. Bd1 Bf6 51. Ke3 h4 52. Bc3 h3 53. Bf3 h2 54. Be1 b4 55. Kd3 b3 56. Bc3 Nc7 57. Bb2 Nb5 58. Bg2 Bxd4 59. Bxd4 Nxd4 60. Kc3 Nxf5 61. Kxb3 Ng3 0-1

[Event "CZE-chTV 0001"]
[Site "Czech Republic"]
[Date "2000.??.??"]
[Round "6"]
[White "Strnad, Josef"]
[Black "Riha, Jaroslav"]
[Result "0-1"]
[WhiteElo "1920"]
[BlackElo "2095"]
[PlyCount "156"]
[EventDate "2000.??.??"]
[EventType "team-tourn"]
[EventRounds "11"]
[EventCountry "CZE"]
[SourceTitle "EXT 2002"]
[Source "ChessBase"]
[SourceDate "2001.11.25"]
[SourceVersion "1"]
[SourceVersionDate "2001.11.25"]
[SourceQuality "1"]

1. Nf3 Nf6 2. g3 g6 3. Bg2 Bg7 4. 0-0 0-0 5. d4 d6 6. c4 Nc6 7. Nc3 a6 8. Bg5 Rb8 9. Rb1 Bf5 10. Rc1 Ne4 11. Be3 Na5 12. Nh4 Nxc3 13. Rxc3 Bg4 14. b4 Nc6 15. h3 Bd7 16. b5 Na5 17. a4 c6 18. Qd3 Bf6 19. Bh6 Re8 20. Nf3 axb5 21. cxb5 cxb5 22. axb5 Qb6 23. Rb1 Rec8 24. Rxc8+ Rxc8 25. e4 Nc4 26. Bf1 d5 27. g4 e6 28. e5 Bg7 29. Bg5 Qa5 30. Qb3 h6 31. Bf4 Bf8 32. Kg2 Na3 33. Bd2 Qb6 34. Ra1 Nc4 35. Qd3 Bxb5 36. Ba5 Qa6 37. Bc3 Qc6 38. Ba5 Nd6 39. Qb3 Bxf1+ 40. Rxf1 Ne4 41. Rb1 Rb8 42. Rb2 b5 43. Ne1 Qa6 44. Bb4 Qa4 45. f3 Qxb3 46. Rxb3 Bxb4 47. Rxb4 Nc3 48. Rb3 Ne2 49. Rb4 Ra8 50. Nd3 Ra2 51. Kf1 Kg7 52. h4 Rd2 53. Ke1 Ra2 54. f4 Nc3 55. Nf2 Ra4 56. Nd3 Ra2 57. Nf2 Ra4 58. Nd3 Ra1+ 59. Kf2 Ne4+ 60. Ke2 Rh1 61. g5 Rxh4 62. gxh6+ Kxh6 63. Ke3 Rh3+ 64. Ke2 Kh5 65. Rb3 Kg4 66. Rb4 Kf5 67. Rb3 Rg3 68. Rb4 Kg4 69. Rb3 Rg2+ 70. Ke1 Ra2 71. Kd1 Nf2+ 72. Nxf2+ Rxf2 73. Rxb5 Kxf4 74. Rb7 Ke4 75. Ke1 Rf5 76. Rb4 g5 77. Ke2 g4 78. Rb3 Rf3 0-1

[Event "CZE-chTV 0001"]
[Site "Czech Republic"]
[Date "2000.??.??"]
[Round "6"]
[White "Strnad, Josef"]
[Black "Vesely, Tomas"]
[Result "0-1"]
[WhiteElo "1920"]
[BlackElo "2085"]
[PlyCount "162"]
[EventDate "2000.??.??"]
[EventType "team-tourn"]
[EventRounds "11"]
[EventCountry "CZE"]
[SourceTitle "EXT 2003"]
[Source "ChessBase"]
[SourceDate "2002.11.25"]
[SourceVersion "1"]
[SourceVersionDate "2002.11.25"]
[SourceQuality "1"]

1. Nf3 Nf6 2. g3 d5 3. d4 b5 4. Bg2 Bb7 5. 0-0 e6 6. Bg5 Be7 7. c3 0-0 8. Nbd2 c5 9. dxc5 Bxc5 10. Nb3 Bb6 11. Nbd4 a6 12. a4 bxa4 13. Qxa4 Nbd7 14. Rfd1 h6 15. Bf4 Ne4 16. Ne5 Nec5 17. Ndc6 Bxc6 18. Nxc6 Nxa4 19. Nxd8 Nxb2 20. Rdb1 Nc4 21. Nc6 Rfe8 22. Ra4 Rac8 23. Nb4 a5 24. Nd3 g5 25. Bc1 Rb8 26. Kf1 Rec8 27. e4 Nf6 28. exd5 exd5 29. h4 Ne4 30. Bxe4 dxe4 31. Nb2 Nxb2 32. Rxb2 Bd8 33. Rxe4 Rxb2 34. Bxb2 Bf6 35. hxg5 hxg5 36. Ra4 Rb8 37. Ba1 Rb5 38. Ke2 Rc5 39. Kd3 Kg7 40. c4 Bxa1 41. Rxa1 Kf6 42. Kd4 Rf5 43. Ke3 g4 44. Ra2 Ke6 45. Kd4 Kd6 46. Ke4 Rc5 47. Ra4 f6 48. Kd4 Re5 49. Ra2 Kc6 50. Rb2 a4 51. Ra2 Ra5 52. Ra3 Kd6 53. f3 gxf3 54. Rxf3 f5 55. Ra3 Kc6 56. Ra2 a3 57. c5 Kb5 58. Ke5 Kb4 59. Kxf5 Rxc5+ 60. Kf6 Rc4 61. Kf5 Kb3 62. Ra1 Kb2 63. Re1 a2 64. g4 Rc1 65. Re2+ Rc2 66. Re1 Kc3 67. g5 Rf2+ 68. Ke6 Re2+ 69. Rxe2 a1Q 70. Re5 Kd4 71. Rf5 Ke4 72. Rc5 Qd4 73. Rc7 Qe5+ 74. Kd7 Qxg5 75. Kc8 Qb5 76. Re7+ Kd5 77. Rd7+ Ke6 78. Rb7 Qa5 79. Rb1 Qc3+ 80. Kb8 Qh8+ 81. Kc7 Qh7+ 0-1

[Event "CZE-chT2V 9899"]
[Site "Czech Republic"]
[Date "1999.??.??"]
[Round "?"]
[White "Strnad, Josef"]
[Black "Vesely, Tomas"]
[Result "0-1"]
[WhiteElo "1900"]
[BlackElo "2150"]
[PlyCount "88"]
[EventDate "1998.??.??"]
[EventType "team-tourn"]
[EventRounds "11"]
[EventCountry "CZE"]
[SourceTitle "EXT 2000"]
[Source "ChessBase"]
[SourceDate "1999.11.16"]
[SourceVersion "1"]
[SourceVersionDate "1999.11.16"]
[SourceQuality "1"]

1. Nf3 Nf6 2. g3 d5 3. d4 Bf5 4. Bg2 e6 5. 0-0 c5 6. b3 Nc6 7. Bb2 cxd4 8. Nxd4 Nxd4 9. Bxd4 Qc7 10. c4 dxc4 11. Bxf6 gxf6 12. bxc4 Bc5 13. Qa4+ Qd7 14. Qxd7+ Kxd7 15. Rd1+ Ke7 16. Nc3 Rab8 17. Kf1 Bb4 18. Ne4 Rbc8 19. Rac1 b6 20. Rd3 Rhd8 21. Rb3 Rxc4 22. Rcb1 Bxe4 23. Bxe4 Rxe4 24. Rxb4 Rxb4 25. Rxb4 Rd1+ 26. Kg2 Rd2 27. a4 Rxe2 28. a5 bxa5 29. Rb7+ Kf8 30. Rxa7 Ra2 31. g4 Kg7 32. Kg3 a4 33. Ra5 a3 34. h4 h5 35. Rxh5 e5 36. g5 Ra1 37. gxf6+ Kxf6 38. Rh6+ Kf5 39. Kf3 a2 40. Ra6 e4+ 41. Ke2 Kg4 42. Ra4 f5 43. f3+ Kxh4 44. fxe4 fxe4 0-1